Strategie budování značky
Cieľavedomé presadzovanie značky firmy (corporate branding) ako nová účinná formula diferenciácie na trhoch. Funkcie značky. Stratégia budovania firemnej značky. Aspekty účinnosti firemnej značky. Rizika budovania firemnej značky. Image firmy a jej identita.
Gespeichert in:
| Format: | Buchkapitel |
|---|---|
| Sprache: | Tschechisch |
| Schlagworte: | |
| Tags: |
Keine Tags, Fügen Sie das erste Tag hinzu!
|
MARC
| LEADER | 00000naa$a2200000$$$4500 | ||
|---|---|---|---|
| 001 | 0004020 | ||
| 005 | 20231002104746.3 | ||
| 041 | 0 | |a cze | |
| 044 | |a CZ | ||
| 245 | 1 | 0 | |a Strategie budování značky |
| 520 | |a Cieľavedomé presadzovanie značky firmy (corporate branding) ako nová účinná formula diferenciácie na trhoch. Funkcie značky. Stratégia budovania firemnej značky. Aspekty účinnosti firemnej značky. Rizika budovania firemnej značky. Image firmy a jej identita. | ||
| 610 | 2 | 0 | |a meno obchodné |
| 610 | 2 | 0 | |a imidž |
| 610 | 2 | 0 | |a firmy |
| 610 | 2 | 0 | |a marketing |
| 610 | 2 | 0 | |a identita podniková |
| 610 | 2 | 0 | |a etika podnikateľská |
| 610 | 2 | 0 | |a kvalita |